Market needs confidence on flooding insurance (Record no. 83968)

MARC details
000 -LEADER
fixed length control field 01023cab a22002055a 4500
001 - CONTROL NUMBER
control field L156216
008 - FIXED-LENGTH DATA ELEMENTS--GENERAL INFORMATION
fixed length control field 120504e20120502xxk 000 0 eng d
035 ## - SYSTEM CONTROL NUMBER
System control number (Sirsi) u156216
041 0# - LANGUAGE CODE
Language code of text/sound track or separate title eng
245 00 - TITLE STATEMENT
Title Market needs confidence on flooding insurance
Medium [electronic resource]
260 ## - PUBLICATION, DISTRIBUTION, ETC.
Date of publication, distribution, etc. 2012
490 ## - SERIES STATEMENT
Series statement CML News and Views
Volume/sequential designation (8) 2 May 2012, 1(1)
520 ## - SUMMARY, ETC.
Summary, etc. The Council of Mortgage Lenders (CML) warns that households in flood risk areas are going to find is difficult to obtain insurance cover unless the Government and Association of British Insurers can come to an agreement once the existing arrangement comes to an end in 2013. Highlights the view points of the insurance industry and mortgage lenders and potential problems to home owners.
590 ## - LOCAL NOTE (RLIN)
Local note KA NTK
651 #4 - SUBJECT ADDED ENTRY--GEOGRAPHIC NAME
Geographic name UNITED KINGDOM
690 ## - LOCAL SUBJECT ADDED ENTRY--TOPICAL TERM (OCLC, RLIN)
Topical term or geographic name as entry element Residential property
9 (RLIN) 6266
690 ## - LOCAL SUBJECT ADDED ENTRY--TOPICAL TERM (OCLC, RLIN)
Topical term or geographic name as entry element Hydrography
9 (RLIN) 6245
856 40 - ELECTRONIC LOCATION AND ACCESS
Uniform Resource Identifier <a href="https://www.cml.org.uk/cml/publications/newsandviews/112/420">https://www.cml.org.uk/cml/publications/newsandviews/112/420</a>
Public note View this item free of charge at www.cml.org.uk
942 ## - ADDED ENTRY ELEMENTS (KOHA)
Suppress in OPAC 0
Holdings
Withdrawn status Lost status Source of classification or shelving scheme Damaged status Not for loan Home library Current library Shelving location Date acquired Total Checkouts Full call number Barcode Date last seen Copy number Price effective from Koha item type
    Dewey Decimal Classification     Virtual Virtual Online 04/05/2012   ONLINE PUBLICATION 156216-2001 06/08/2019 1 06/08/2019 Journal article